[Event "11. Lichtenberger Sommer"]
[Site "Berlin"]
[Date "2012.08.24"]
[Round "7.1"]
[White "Rabiega, Robert"]
[Black "Meister, Jakob"]
[Result "1/2-1/2"]
[WhiteElo "2505"]
[BlackElo "2479"]
[PlyCount "22"]
[EventDate "2012.??.??"]
[WhiteTeam "SK König Tegel 1949 e.V."]
[BlackTeam "SK Zehlendorf e.V."]

1. e4 e5 2. Nf3 Nf6 3. Nxe5 d6 4. Nf3 Nxe4 5. Qe2 Qe7 6. d3 Nf6 7. Nc3 Bg4 8.
Qxe7+ Bxe7 9. Be2 Nc6 10. Bd2 d5 11. O-O d4 1/2-1/2

[Event "11. Lichtenberger Sommer"]
[Site "Berlin"]
[Date "2012.08.24"]
[Round "7.2"]
[White "Boetzer, Detlef"]
[Black "Teske, Henrik"]
[Result "1/2-1/2"]
[WhiteElo "2277"]
[BlackElo "2537"]
[PlyCount "54"]
[EventDate "2012.??.??"]
[WhiteTeam "SC Rotation Pankow e.V."]
[BlackTeam "SC 1950 Remagen"]

1. d4 Nf6 2. Nf3 e6 3. c4 d5 4. Nc3 Bb4 5. e3 O-O 6. Bd3 c5 7. O-O Nc6 8. a3
Bxc3 9. bxc3 dxc4 10. Bxc4 Qc7 11. a4 Rd8 12. Qc2 b6 13. dxc5 Na5 14. Be2 bxc5
15. c4 Bb7 16. Bb2 Ng4 17. h3 Bxf3 18. hxg4 Bxe2 19. Qxe2 Qc6 20. Bc3 Qa6 21.
Bxa5 Qxa5 22. Rfd1 Rxd1+ 23. Qxd1 Rd8 24. Qc2 h6 25. Rb1 g6 26. Qb3 Qc7 27. Qb5
Qe5 1/2-1/2

[Event "11. Lichtenberger Sommer"]
[Site "Berlin"]
[Date "2012.08.24"]
[Round "7.3"]
[White "Schneider, Christian"]
[Black "Franco Alonso, Alejandro"]
[Result "0-1"]
[WhiteElo "2234"]
[BlackElo "2477"]
[PlyCount "102"]
[EventDate "2012.??.??"]
[WhiteTeam "SG Blau-Weiß Stadtilm"]
[BlackTeam "Gros Xake Teldea"]

1. e4 c5 2. Nc3 Nc6 3. Bb5 Nd4 4. Bc4 e6 5. Nge2 a6 6. Nxd4 cxd4 7. Ne2 b5 8.
Bb3 Bb7 9. d3 Bc5 10. O-O Ne7 11. Ng3 O-O 12. Qg4 Kh8 13. Nh5 Ng6 14. Qg3 f5
15. f3 fxe4 16. fxe4 Rxf1+ 17. Kxf1 Qe7 18. Kg1 Rf8 19. Bd2 Qf7 20. Qe1 Ne5 21.
Ng3 Qg6 22. Qe2 Nc4 23. Bxc4 bxc4 24. Rf1 Rxf1+ 25. Kxf1 Bd6 26. Qf2 Qf6 27.
Qxf6 gxf6 28. Kf2 cxd3 29. cxd3 Kg7 30. Ne2 Bc5 31. Nf4 Kf7 32. g4 d5 33. exd5
e5 34. Nh5 Bxd5 35. b3 Be6 36. Kf3 f5 37. h3 Bd5+ 38. Ke2 f4 39. Kf2 Bc6 40.
Ba5 Bd6 41. Bb6 Kg6 42. Kf1 Kf7 43. Kf2 Ba3 44. Bc7 Ke6 45. Ng7+ Kd5 46. Nf5
Bb5 47. Ke2 e4 48. Bxf4 Bxd3+ 49. Kf2 e3+ 50. Nxe3+ dxe3+ 51. Bxe3 Bb1 0-1

[Event "11. Lichtenberger Sommer"]
[Site "Berlin"]
[Date "2012.08.24"]
[Round "7.4"]
[White "Kalinitschew, Sergey"]
[Black "Brüdigam, Martin"]
[Result "1-0"]
[WhiteElo "2458"]
[BlackElo "2292"]
[PlyCount "65"]
[EventDate "2012.??.??"]
[WhiteTeam "SC Kreuzberg e.V."]
[BlackTeam "USV Potsdam e.V., Abt. Schach"]

1. c4 Nf6 2. Nf3 g6 3. d4 Bg7 4. Nc3 d5 5. cxd5 Nxd5 6. e4 Nxc3 7. bxc3 c5 8.
Be3 Qa5 9. Qd2 Nc6 10. Rc1 cxd4 11. cxd4 Qxd2+ 12. Kxd2 f5 13. Bb5 Bd7 14. exf5
gxf5 15. d5 Nb4 16. Bxd7+ Kxd7 17. Rb1 Nxd5 18. Rxb7+ Kc6 19. Rb3 Rhb8 20. Rc1+
Kd7 21. Rcb1 Rxb3 22. Rxb3 Nxe3 23. Kxe3 Rc8 24. Rb7+ Rc7 25. Rxc7+ Kxc7 26.
Nd4 Bxd4+ 27. Kxd4 Kd6 28. f4 e6 29. h3 h6 30. a4 h5 31. h4 Kd7 32. Ke5 Ke7 33.
a5 1-0

[Event "11. Lichtenberger Sommer"]
[Site "Berlin"]
[Date "2012.08.24"]
[Round "7.5"]
[White "Neumann, Thomas"]
[Black "Wendt, Jan-Dietrich"]
[Result "0-1"]
[WhiteElo "2130"]
[BlackElo "2357"]
[PlyCount "174"]
[EventDate "2012.??.??"]
[WhiteTeam "SC Borussia Friedrichsfelde 1920"]
[BlackTeam "Sfrd. Berlin 1903 e.V."]

1. e4 c5 2. Nf3 e6 3. d4 cxd4 4. Nxd4 Nc6 5. Nc3 Nf6 6. Be3 Bb4 7. Nxc6 bxc6 8.
Bd3 d5 9. a3 Bxc3+ 10. bxc3 dxe4 11. Bc4 Qa5 12. O-O O-O 13. Qe2 Nd5 14. Bd4
Nb6 15. Bxb6 axb6 16. Qxe4 Qxc3 17. Bd3 g6 18. Qb4 Qxb4 19. axb4 Bd7 20. f4
Rfd8 21. Kf2 Kf8 22. Ke3 Ke7 23. Rfd1 Be8 24. g3 c5 25. bxc5 bxc5 26. Be4 Rxd1
27. Rxd1 Ra3+ 28. Kd2 Ra4 29. Ke3 Ra3+ 30. Kd2 f5 31. Bd3 Bc6 32. Rb1 Bd5 33.
Rb8 Ra7 34. Rc8 Kd6 35. Bb5 Re7 36. Ke3 Bb7 37. Rd8+ Kc7 38. Rh8 Be4 39. Ba4
Bd5 40. Bb5 Bc6 41. Bxc6 Kxc6 42. Kd3 Rd7+ 43. Kc3 Kd5 44. Kd3 e5 45. fxe5
Kxe5+ 46. Ke3 Kd5 47. Kd3 Kc6+ 48. Kc3 Kd5 49. Kd3 Ke5+ 50. Ke3 Ra7 51. Kd3 g5
52. Re8+ Kf6 53. Rc8 Rd7+ 54. Ke3 Re7+ 55. Kf3 g4+ 56. Kf2 Re5 57. Rh8 Kg7 58.
Rc8 Kg6 59. Rg8+ Kf7 60. Rh8 Kg6 61. Rg8+ Kf6 62. Rh8 Kg7 63. Rc8 h6 64. Rc6 h5
65. Rc8 Kf6 66. Rh8 Ke6 67. Rxh5 Kd5 68. h3 gxh3 69. Rxh3 Kd4 70. Kf3 Re1 71.
Kf4 Rf1+ 72. Kg5 c4 73. Rh4+ Kc3 74. Rh2 Rf3 75. Rg2 Kb2 76. Kf6 f4 77. gxf4
Rxf4+ 78. Ke5 Rh4 79. Kd5 c3 80. Kc5 Rh1 81. Kc4 Rc1 82. Rg8 Rxc2 83. Rb8+ Kc1
84. Kd3 Rb2 85. Rh8 Rb3 86. Kc4 Kb2 87. Rh3 Rb8 0-1

[Event "11. Lichtenberger Sommer"]
[Site "Berlin"]
[Date "2012.08.24"]
[Round "7.6"]
[White "Colpe, Malte"]
[Black "Niehaus, Frank"]
[Result "1-0"]
[WhiteElo "2290"]
[BlackElo "2208"]
[PlyCount "81"]
[EventDate "2012.??.??"]
[WhiteTeam "Hamburger SK von 1830 eV"]
[BlackTeam "SK König Tegel 1949 e.V."]

1. d4 Nf6 2. c4 g6 3. Nc3 Bg7 4. e4 d6 5. f4 c5 6. d5 O-O 7. Nf3 e6 8. Be2 exd5
9. cxd5 Bg4 10. O-O Nbd7 11. h3 Bxf3 12. Bxf3 c4 13. Be3 Qa5 14. Bd4 Rfe8 15.
Re1 Nc5 16. Re2 Nd3 17. g3 Nxe4 18. Bxg7 Nxg3 19. Bd4 Nf5 20. Bf2 Nxf4 21.
Rxe8+ Rxe8 22. Bg4 Qd8 23. Qf3 Qg5 24. h4 Nxh4 25. Bxh4 Qxh4 26. Qxf4 f5 27.
Rf1 Re1 28. Rxe1 Qxe1+ 29. Kg2 fxg4 30. Ne4 Qe2+ 31. Kg3 h5 32. Kh4 Qxb2 33.
Kg5 g3 34. Nf6+ Kg7 35. Ne8+ Kg8 36. Nxd6 g2 37. Qf7+ Kh8 38. Qf8+ Kh7 39. Qh6+
Kg8 40. Qxg6+ Kh8 41. Nf7# 1-0

[Event "11. Lichtenberger Sommer"]
[Site "Berlin"]
[Date "2012.08.24"]
[Round "7.7"]
[White "Giemsa, Stephan"]
[Black "Stern, Rene"]
[Result "1/2-1/2"]
[WhiteElo "2261"]
[BlackElo "2529"]
[PlyCount "94"]
[EventDate "2012.??.??"]
[WhiteTeam "SK König Tegel 1949 e.V."]
[BlackTeam "SK König Tegel 1949 e.V."]

1. d4 Nf6 2. c4 e6 3. g3 d5 4. Nf3 Be7 5. Bg2 O-O 6. O-O dxc4 7. Qc2 b5 8. a4
b4 9. Nbd2 Bb7 10. Nxc4 Be4 11. Qb3 c5 12. Be3 cxd4 13. Nxd4 Bxg2 14. Kxg2 Qd5+
15. f3 Nbd7 16. Rfd1 Rac8 17. Nd2 Qb7 18. Qd3 Nc5 19. Qb5 Qa8 20. Bf2 Nd5 21.
e4 a6 22. Qe2 Nb6 23. a5 Nbd7 24. N4b3 Nxb3 25. Nxb3 Qb7 26. Rac1 h6 27. Be3
Rxc1 28. Rxc1 Rc8 29. Rxc8+ Qxc8 30. Nd2 Ne5 31. f4 Nd7 32. Qc4 Qb7 33. Kf2 g5
34. h3 Bf6 35. b3 gxf4 36. gxf4 Bc3 37. Nb1 Nf6 38. Nxc3 bxc3 39. Kf3 Kg7 40.
Bf2 Kg6 41. Be1 Qd7 42. Ke2 Nh5 43. Bxc3 Nxf4+ 44. Ke3 Ng2+ 45. Kf2 Nf4 46. Ke3
Ng2+ 47. Kf2 Nf4 1/2-1/2

[Event "11. Lichtenberger Sommer"]
[Site "Berlin"]
[Date "2012.08.24"]
[Round "7.8"]
[White "Kapp, Martin"]
[Black "Martin Alvarez, Inigo"]
[Result "0-1"]
[WhiteElo "2215"]
[BlackElo "2292"]
[PlyCount "104"]
[EventDate "2012.??.??"]
[WhiteTeam "TSV IFA Chemnitz"]
[BlackTeam "Gros Xake Taldea"]

1. d4 d6 2. c4 e5 3. dxe5 dxe5 4. Qxd8+ Kxd8 5. e4 Be6 6. Nc3 Nd7 7. Nf3 f6 8.
Be3 a5 9. Be2 Bc5 10. Bxc5 Nxc5 11. O-O-O+ Kc8 12. h3 c6 13. Rd6 Kc7 14. Rhd1
Re8 15. Kc2 Ne7 16. b3 Bf7 17. Nh4 Ne6 18. Rd7+ Kb8 19. Nf5 Nxf5 20. exf5 Nd4+
21. Kd2 Rhf8 22. Ne4 Rd8 23. Rxd8+ Rxd8 24. Ke1 Kc7 25. g4 a4 26. g5 fxg5 27.
Nxg5 Bg8 28. Nf3 Nxf3+ 29. Bxf3 h6 30. Rxd8 Kxd8 31. Kd2 Ke7 32. Be4 Kf6 33.
Kc3 axb3 34. axb3 Bh7 35. Kb4 Bxf5 36. Bg2 Bc2 37. c5 Kf5 38. Ka5 Bxb3 39. Kb6
e4 40. Kxb7 Bd5 41. Bf1 h5 42. Be2 g6 43. Kc7 Ke5 44. Ba6 g5 45. Be2 g4 46.
hxg4 h4 47. Bf1 Kf4 48. Bg2 Kxg4 49. Kd6 h3 50. Bh1 Kf5 51. Ke7 Ke5 52. Kd7 h2
0-1

[Event "11. Lichtenberger Sommer"]
[Site "Berlin"]
[Date "2012.08.24"]
[Round "7.9"]
[White "Lorenz, Sascha"]
[Black "Bruchmann, Stephan"]
[Result "1/2-1/2"]
[WhiteElo "2258"]
[BlackElo "2315"]
[PlyCount "28"]
[EventDate "2012.??.??"]
[WhiteTeam "SK König Tegel 1949 e.V."]
[BlackTeam "SC Rotation Pankow e.V."]

1. c4 c6 2. Nf3 d5 3. e3 Nf6 4. Nc3 e6 5. b3 Nbd7 6. Bb2 Bd6 7. Qc2 Qe7 8. Rg1
Ne5 9. h3 O-O 10. Nxe5 Bxe5 11. g4 Bd6 12. Bd3 g6 13. cxd5 exd5 14. O-O-O Ba3
1/2-1/2

[Event "11. Lichtenberger Sommer"]
[Site "Berlin"]
[Date "2012.08.24"]
[Round "7.10"]
[White "Dauth, Benjamin"]
[Black "Zschäbitz, Klaus"]
[Result "0-1"]
[WhiteElo "2322"]
[BlackElo "2077"]
[PlyCount "46"]
[EventDate "2012.??.??"]
[WhiteTeam "SC Rotation Pankow e.V."]
[BlackTeam "BSG 1827 Eckbauer e.V."]

1. e4 e6 2. d3 d5 3. Nd2 Nf6 4. g3 dxe4 5. dxe4 Bc5 6. Bg2 Nc6 7. Ngf3 e5 8.
O-O O-O 9. c3 a5 10. Qe2 b6 11. Rd1 Ba6 12. c4 a4 13. Nf1 Bxc4 14. Qc2 Nb4 15.
Qxc4 Qxd1 16. Nxe5 Rae8 17. a3 Qe1 18. Be3 Qxa1 19. axb4 Bxe3 20. Nd3 b5 21.
Qxb5 Bb6 22. Qf5 Qd1 23. e5 Qg4 0-1

[Event "11. Lichtenberger Sommer"]
[Site "Berlin"]
[Date "2012.08.24"]
[Round "7.11"]
[White "Kohler, Thomas"]
[Black "Petersen, Soren Boeck"]
[Result "1/2-1/2"]
[WhiteElo "2249"]
[BlackElo "2279"]
[PlyCount "64"]
[EventDate "2012.??.??"]
[WhiteTeam "SC Zitadelle Spandau 1977 e.V."]
[BlackTeam "Damhus Skakklub"]

1. c4 e5 2. g3 Nf6 3. Bg2 Nc6 4. Nc3 Bc5 5. Nf3 d6 6. O-O O-O 7. d3 a6 8. a3
Nd4 9. e3 Nxf3+ 10. Bxf3 Qe7 11. b4 Ba7 12. Bb2 c6 13. a4 Bh3 14. Re1 Rad8 15.
b5 d5 16. cxd5 cxd5 17. a5 Rfe8 18. b6 Bb8 19. Qa4 e4 20. Be2 d4 21. Nxe4 Nxe4
22. dxe4 dxe3 23. f3 h5 24. Rad1 h4 25. g4 Rd2 26. Rxd2 exd2 27. Rd1 Rd8 28.
Qc2 Qg5 29. Qc3 f6 30. f4 Bxf4 31. Qxh3 Qxa5 32. Qb3+ Kh8 1/2-1/2

[Event "11. Lichtenberger Sommer"]
[Site "Berlin"]
[Date "2012.08.24"]
[Round "7.12"]
[White "Albrecht, Rainer"]
[Black "Lauridsen, Jesper Morch"]
[Result "1/2-1/2"]
[WhiteElo "2110"]
[BlackElo "2249"]
[PlyCount "29"]
[EventDate "2012.??.??"]
[WhiteTeam "SC Kreuzberg e.V."]
[BlackTeam "Sydostfyn"]

1. d4 d5 2. c4 e6 3. Nc3 Nf6 4. cxd5 exd5 5. Bg5 Nbd7 6. e3 Bb4 7. Bd3 c5 8.
Nge2 c4 9. Bc2 O-O 10. O-O Qa5 11. f3 Re8 12. Qd2 b5 13. a3 Bxc3 14. bxc3 Qc7
15. Rfb1 1/2-1/2

[Event "11. Lichtenberger Sommer"]
[Site "Berlin"]
[Date "2012.08.24"]
[Round "7.13"]
[White "Simon, Ralf-Axel"]
[Black "Siebarth, Raiko"]
[Result "0-1"]
[WhiteElo "2153"]
[BlackElo "2240"]
[PlyCount "124"]
[EventDate "2012.??.??"]
[WhiteTeam "TSG Neuruppin"]
[BlackTeam "SG Blau-Weiß Stadtilm"]

1. c4 g6 2. d4 Nf6 3. Nc3 Bg7 4. e4 d6 5. Nf3 O-O 6. Be2 Nbd7 7. O-O e5 8. Be3
h6 9. dxe5 dxe5 10. Nd2 b6 11. Qa4 Bb7 12. Rfd1 c6 13. b4 Qc8 14. c5 Rd8 15.
cxb6 axb6 16. Qb3 b5 17. Rdc1 Qb8 18. a4 bxa4 19. Rxa4 Rxa4 20. Qxa4 Nf8 21.
Nc4 Ne6 22. Ba7 Qc8 23. Nxe5 Qc7 24. Qa5 Nxe4 25. Qxc7 Nxc7 26. Nxe4 Bxe5 27.
Bb6 Rb8 28. g3 Nd5 29. Bc5 Bc8 30. f4 Bg7 31. Bd6 Ra8 32. Rxc6 Bb7 33. b5 Ra1+
34. Kg2 Bxc6 35. bxc6 Rc1 36. Ba6 Rxc6 37. Bb7 Rc2+ 38. Kf3 Nb6 39. h4 Nc4 40.
Be7 Nd2+ 41. Nxd2 Rxd2 42. Ba6 h5 43. f5 Be5 44. fxg6 fxg6 45. g4 hxg4+ 46.
Kxg4 Rd4+ 47. Kf3 Kf7 48. Bg5 Bf6 49. Ke3 Ra4 50. Bd3 Bxg5+ 51. hxg5 Rg4 52.
Kf3 Rxg5 53. Kf4 Ra5 54. Kg4 Kf6 55. Be2 Ra4+ 56. Kg3 Kg5 57. Bd1 Ra3+ 58. Kg2
Kf4 59. Kh2 g5 60. Kg2 g4 61. Kh2 Ra2+ 62. Kg1 Ra1 0-1

[Event "11. Lichtenberger Sommer"]
[Site "Berlin"]
[Date "2012.08.24"]
[Round "7.14"]
[White "Rietze, Clemens"]
[Black "Elsing, Jan"]
[Result "1-0"]
[WhiteElo "2280"]
[BlackElo "2124"]
[PlyCount "97"]
[EventDate "2012.??.??"]
[WhiteTeam "USV Potsdam e.V., Abt. Schach"]
[BlackTeam "SC Friesen Lichtenberg e.V."]

1. e4 Nf6 2. e5 Nd5 3. d4 d6 4. Nf3 dxe5 5. Nxe5 c6 6. Be2 Nd7 7. Nf3 N7f6 8.
O-O Bg4 9. c4 Nb6 10. b3 e6 11. h3 Bh5 12. Bb2 Be7 13. Nbd2 Nbd7 14. Ne5 Bxe2
15. Qxe2 O-O 16. f4 c5 17. Ndf3 cxd4 18. Nxd7 Nxd7 19. Bxd4 Bc5 20. Rfd1 Qc7
21. Qe3 Rfd8 22. Rab1 b6 23. b4 Bxd4 24. Rxd4 Nf6 25. Rbd1 Rxd4 26. Rxd4 h5 27.
Ne5 Rc8 28. a3 Rd8 29. Qd3 Rxd4 30. Qxd4 a6 31. g4 hxg4 32. hxg4 Kf8 33. g5 Nh5
34. c5 bxc5 35. bxc5 f6 36. gxf6 gxf6 37. Nd3 Qg7+ 38. Kf1 Qg3 39. Ke2 Qg2+ 40.
Kd1 Kf7 41. Qd7+ Kg6 42. f5+ Kg5 43. fxe6 Qf3+ 44. Kc2 Nf4 45. Nxf4 Kxf4 46.
Qd3 Qb7 47. Qd6+ Kf5 48. e7 Qg2+ 49. Kc3 1-0

[Event "11. Lichtenberger Sommer"]
[Site "Berlin"]
[Date "2012.08.24"]
[Round "7.15"]
[White "Glantz, Robert"]
[Black "Rührmund, Daniel"]
[Result "0-1"]
[WhiteElo "2282"]
[BlackElo "2024"]
[PlyCount "104"]
[EventDate "2012.??.??"]
[WhiteTeam "SC Kreuzberg e.V."]
[BlackTeam "SC Einheit Bautzen"]

1. e4 c5 2. Nf3 e6 3. d4 cxd4 4. Nxd4 a6 5. Nc3 Qc7 6. Bd3 Nf6 7. O-O Bc5 8.
Nb3 Be7 9. Qe2 d6 10. Bd2 Nbd7 11. f4 b5 12. Rae1 b4 13. Nd1 O-O 14. Nf2 a5 15.
Nd4 Nc5 16. e5 Ne8 17. Kh1 Nxd3 18. cxd3 Bb7 19. b3 Qd7 20. Nf3 Rc8 21. Rc1 Nc7
22. Rfd1 Nb5 23. Ne4 d5 24. Nf2 d4 25. Ne4 Nc3 26. Nxc3 dxc3 27. Be3 Qd5 28.
Ne1 Ba6 29. Qf3 Qxf3 30. Nxf3 Rfd8 31. Ne1 Bc5 32. Bxc5 Rxc5 33. Kg1 Rcd5 34.
Kf2 Bxd3 35. Ke3 Bf5 36. Rxd5 Rxd5 37. Nf3 Rd3+ 38. Ke2 h5 39. h3 Be4 40. Re1
Rd8 41. Ra1 Bxf3+ 42. Kxf3 Rd3+ 43. Ke4 Rd2 44. g3 Rh2 45. Kd4 Rxh3 46. a3 Rxg3
47. axb4 axb4 48. Kc4 h4 49. Kxb4 h3 50. Ka3 h2 51. Rh1 c2 52. Kb2 Rg1 0-1

[Event "11. Lichtenberger Sommer"]
[Site "Berlin"]
[Date "2012.08.24"]
[Round "7.16"]
[White "Vogel, Robert"]
[Black "Hahlbohm, Matthias"]
[Result "1/2-1/2"]
[WhiteElo "2258"]
[BlackElo "2065"]
[PlyCount "84"]
[EventDate "2012.??.??"]
[WhiteTeam "SGem Pang/Rosenheim"]
[BlackTeam "TSG Oberschöneweide e.V."]

1. d4 c5 2. d5 e5 3. e4 d6 4. c4 f5 5. Nc3 Nf6 6. exf5 Bxf5 7. Nge2 Be7 8. Ng3
Bg4 9. Be2 Bxe2 10. Qxe2 O-O 11. O-O Nbd7 12. Be3 a6 13. Rfd1 Rf7 14. a3 Rc8
15. Nce4 h6 16. b4 Nxe4 17. Nxe4 b6 18. bxc5 bxc5 19. Rab1 Rb8 20. Rxb8 Qxb8
21. Qc2 Rf8 22. Qa4 Qa7 23. Rb1 Rb8 24. Rxb8+ Qxb8 25. Nd2 Qa7 26. h3 Nf6 27.
Qc6 Bf8 28. f4 exf4 29. Bxf4 Qe7 30. Nf3 Ne4 31. Kh2 Qf6 32. Bg3 Nxg3 33. Kxg3
Qg6+ 34. Kh2 Be7 35. Qxa6 Qf5 36. Qa4 Qf4+ 37. Kg1 Qe3+ 38. Kf1 Bf6 39. Qa6
Qd3+ 40. Kf2 Bd4+ 41. Nxd4 Qxd4+ 42. Kf3 Qd3+ 1/2-1/2

[Event "11. Lichtenberger Sommer"]
[Site "Berlin"]
[Date "2012.08.24"]
[Round "7.17"]
[White "Gräfe, Charly"]
[Black "Kurz, Christian"]
[Result "1/2-1/2"]
[WhiteElo "1950"]
[BlackElo "2200"]
[PlyCount "172"]
[EventDate "2012.??.??"]
[WhiteTeam "SF Friedrichshagen"]
[BlackTeam "SC Bechhofen 1923 e.V."]

1. e4 c6 2. d4 d5 3. Nc3 dxe4 4. Nxe4 Bf5 5. Ng3 Bg6 6. Nf3 Nd7 7. Bd3 e6 8.
O-O Ngf6 9. Re1 Be7 10. b3 O-O 11. Bb2 c5 12. Bxg6 hxg6 13. Qe2 Qc7 14. Red1
Rac8 15. c4 Rfd8 16. Ng5 Bd6 17. Qf3 cxd4 18. Bxd4 Ne5 19. Qc3 Neg4 20. h3 Nh6
21. N3e4 Nxe4 22. Nxe4 Bf8 23. Qf3 Nf5 24. Bc3 Qc6 25. Bb2 Be7 26. Nd2 Qb6 27.
Nf1 Bc5 28. Qf4 Nd4 29. Bxd4 Bxd4 30. Rac1 Bb2 31. Rxd8+ Rxd8 32. Rc2 Ba3 33.
Rd2 Bd6 34. Qg5 Qc7 35. Qe3 b6 36. Qg5 Rc8 37. g3 Ba3 38. Rd3 Be7 39. Qd2 Rd8
40. Rxd8+ Bxd8 41. Qd3 Be7 42. Nd2 f5 43. Nf3 Bf6 44. Kf1 Qc6 45. h4 e5 46. Nd2
e4 47. Qd5+ Qxd5 48. cxd5 b5 49. a4 a6 50. axb5 axb5 51. f3 exf3 52. Nxf3 Kf8
53. Ke2 Ke7 54. Kd3 Kd6 55. Nd4 Kc5 56. b4+ Kxb4 57. d6 Kc5 58. d7 Kd6 59.
Nxb5+ Kxd7 60. Ke3 Be5 61. Kf3 Bb2 62. Kf4 Ke6 63. Nc7+ Kf7 64. Nd5 Bf6 65. Kf3
Bd8 66. Kf4 Ke6 67. Ne3 Bf6 68. Kf3 g5 69. hxg5 Bxg5 70. Nd1 Bf6 71. Ne3 Bd4
72. Ng2 g5 73. g4 Bc5 74. gxf5+ Kxf5 75. Ne1 Bd4 76. Kg2 g4 77. Nf3 Be5 78.
Nxe5 Kxe5 79. Kg3 Kf5 80. Kg2 Kf4 81. Kf2 g3+ 82. Kg1 Kg4 83. Kg2 Kh4 84. Kg1
Kh3 85. Kh1 g2+ 86. Kg1 Kg3 1/2-1/2

[Event "11. Lichtenberger Sommer"]
[Site "Berlin"]
[Date "2012.08.24"]
[Round "7.18"]
[White "Badestein, Hartmut"]
[Black "Schulz, Michael"]
[Result "0-1"]
[WhiteElo "2099"]
[BlackElo "2239"]
[PlyCount "94"]
[EventDate "2012.??.??"]
[WhiteTeam "SC Friesen Lichtenberg e.V."]
[BlackTeam "SC Empor Potsdam 1952 e.V."]

1. e4 g6 2. d4 Bg7 3. Nc3 c5 4. d5 d6 5. f4 a6 6. a4 e6 7. Nf3 exd5 8. Nxd5 Ne7
9. Bc4 Nbc6 10. O-O O-O 11. Ng5 h6 12. Nf3 Rb8 13. a5 Nxd5 14. Bxd5 Nxa5 15.
Qe1 Nc6 16. Qg3 Ne7 17. Ba2 b5 18. f5 c4 19. Bf4 gxf5 20. Bxd6 fxe4 21. Nh4 Rb7
22. Rad1 Rd7 23. c3 f5 24. Be5 Rf7 25. Bd4 Kh7 26. Rde1 Rxd4 27. cxd4 Qxd4+ 28.
Kh1 Be5 29. Qa3 Rg7 30. Re2 Qd3 31. Qxd3 cxd3 32. Rd2 Bf6 33. Nf3 Bb7 34. Ne1
Bg5 35. Rd1 d2 36. Bb1 dxe1=Q 37. Rdxe1 Kh8 38. Rd1 f4 39. h4 Bxh4 40. Rxf4 Ng6
41. Rf5 e3 42. Bd3 Bg3 43. Rf6 Kh7 44. Rdf1 Bd5 45. R1f5 Bc4 46. Bxc4 bxc4 47.
Re6 Rd7 0-1

[Event "11. Lichtenberger Sommer"]
[Site "Berlin"]
[Date "2012.08.24"]
[Round "7.19"]
[White "Reichenbach, Werner"]
[Black "Konrad, Erhard"]
[Result "1-0"]
[WhiteElo "2283"]
[BlackElo "1956"]
[PlyCount "107"]
[EventDate "2012.??.??"]
[WhiteTeam "Schachclub Oberkrämer"]
[BlackTeam "SG Lasker Steglitz-Wilmersdorf"]

1. e4 c5 2. Nf3 e6 3. d3 d5 4. Nbd2 Nc6 5. g3 Bd6 6. Bg2 Nge7 7. O-O O-O 8. Qe2
Qc7 9. Re1 f6 10. c3 Bd7 11. a3 Qb6 12. Nf1 d4 13. N1d2 e5 14. Nc4 Qc7 15. cxd4
cxd4 16. Bd2 b5 17. Nxd6 Qxd6 18. b4 Nc8 19. Rec1 Nb6 20. Nh4 Ne7 21. f4 Rac8
22. Bf3 Rxc1+ 23. Rxc1 Rc8 24. Rxc8+ Bxc8 25. fxe5 fxe5 26. Bg4 Be6 27. Bg5
Nbc8 28. Kg2 Qd7 29. Bxe6+ Qxe6 30. Qc2 Qc6 31. Qa2+ Kf8 32. Nf3 Qd6 33. h4 h6
34. Bd2 Nb6 35. g4 Nd7 36. h5 Nf6 37. Kg3 Ke8 38. a4 bxa4 39. Qxa4+ Qd7 40.
Qxd7+ Nxd7 41. g5 hxg5 42. Nxg5 Nc8 43. Kh4 Nd6 44. Ne6 Kf7 45. Nd8+ Ke8 46.
Nc6 a6 47. Bg5 Kf7 48. Kg4 Nb5 49. Nd8+ Ke8 50. Kf5 Nc7 51. Nc6 Kf7 52. Nxe5+
Nxe5 53. Kxe5 Ne6 54. Bh4 1-0

[Event "11. Lichtenberger Sommer"]
[Site "Berlin"]
[Date "2012.08.24"]
[Round "7.20"]
[White "Sabrowski, Uwe"]
[Black "Höckendorf, Hartmut"]
[Result "1/2-1/2"]
[WhiteElo "2114"]
[BlackElo "2185"]
[PlyCount "39"]
[EventDate "2012.??.??"]
[WhiteTeam "SC Friesen Lichtenberg e.V."]
[BlackTeam "BSG Pneumant Fürstenwalde e.V."]

1. d4 Nf6 2. c4 Nc6 3. Nc3 e5 4. d5 Ne7 5. Bg5 d6 6. e4 h6 7. Bd2 g6 8. h4 Bg7
9. Be2 c6 10. Be3 cxd5 11. cxd5 a6 12. Nh3 b5 13. a3 Bd7 14. f4 exf4 15. Nxf4
Rc8 16. Bd4 h5 17. O-O O-O 18. Nh3 Ng4 19. Ng5 Ne5 20. Nf3 1/2-1/2